<?xml version="1.0" encoding="UTF-8"?>
<record
    xmlns:xsi="http://www.w3.org/2001/XMLSchema-instance"
    xsi:schemaLocation="http://www.loc.gov/MARC21/slim http://www.loc.gov/standards/marcxml/schema/MARC21slim.xsd"
    xmlns="http://www.loc.gov/MARC21/slim">

  <leader>00605nam a22001577a 4500</leader>
  <datafield tag="999" ind1=" " ind2=" ">
    <subfield code="c">26413</subfield>
    <subfield code="d">26413</subfield>
  </datafield>
  <datafield tag="082" ind1=" " ind2=" ">
    <subfield code="a">RT.0110</subfield>
  </datafield>
  <datafield tag="100" ind1=" " ind2=" ">
    <subfield code="a">T., Abhilash</subfield>
    <subfield code="u">Gokhale Institute of Politics and Economics</subfield>
    <subfield code="v">Pune</subfield>
  </datafield>
  <datafield tag="245" ind1=" " ind2=" ">
    <subfield code="a">Socio - Economic Inclusion of Nomadic Tribes</subfield>
    <subfield code="b">: A Case Study of Malai Pandaram in Kerala</subfield>
  </datafield>
  <datafield tag="260" ind1=" " ind2=" ">
    <subfield code="a">Pune</subfield>
  </datafield>
  <datafield tag="300" ind1=" " ind2=" ">
    <subfield code="a">xv,155p.</subfield>
  </datafield>
  <datafield tag="504" ind1=" " ind2=" ">
    <subfield code="a">Include Bibliography and Annexure</subfield>
  </datafield>
  <datafield tag="536" ind1=" " ind2=" ">
    <subfield code="a">Indian Council of Social Science Research, New Delh</subfield>
  </datafield>
  <datafield tag="650" ind1=" " ind2=" ">
    <subfield code="a">social status</subfield>
    <subfield code="v">socio - economic status</subfield>
    <subfield code="v">Inclusion, Social</subfield>
    <subfield code="v">nomadic tribes</subfield>
    <subfield code="z">malai pandaram</subfield>
    <subfield code="z">kerala</subfield>
    <subfield code="z">india</subfield>
  </datafield>
  <datafield tag="700" ind1=" " ind2=" ">
    <subfield code="a">Bansode,prasant</subfield>
  </datafield>
  <datafield tag="942" ind1=" " ind2=" ">
    <subfield code="c">RP</subfield>
    <subfield code="2">ddc</subfield>
  </datafield>
  <datafield tag="952" ind1=" " ind2=" ">
    <subfield code="0">0</subfield>
    <subfield code="1">0</subfield>
    <subfield code="4">0</subfield>
    <subfield code="7">1</subfield>
    <subfield code="8">IRP</subfield>
    <subfield code="a">NASSDOC</subfield>
    <subfield code="b">NASSDOC</subfield>
    <subfield code="d">2021-01-12</subfield>
    <subfield code="e">Gifted by RP Division, ICSSR</subfield>
    <subfield code="l">0</subfield>
    <subfield code="o">RT.0110</subfield>
    <subfield code="p">51148</subfield>
    <subfield code="r">2021-01-14 00:00:00</subfield>
    <subfield code="w">2021-01-14</subfield>
    <subfield code="y">RP</subfield>
  </datafield>
</record>
